00677nam a2200229Ia 4500001000600000003000900006008004100015040001300056040001300069041001300082100001700095100002900112245003300141245006100174250001100235260001900246260001300265260004900278300005700327650003200384650003100416 639IT-RoPAU130308s9999 xx 000 0 und d aIT-RoPAU cIT-RoPAU aITALIANO aGerosa Guido gCodice Aut. SPICS: 6158 aCommedia degli equivoci (La) bAntologia di Cinema Nuovo-1-Neorealismo e Vita Nazionale a1a ed. aRIMINI/FIRENZE bGuaraldi c1975 [1° Ed.:1975 - Ed.Ling.Originale:1955] a"4 p. (prefazione: no ; testo: 4 [pagine: 335-338])" aSTORIA NAZIONALE DEL CINEMA eCodice materia Spics: 6809